| 000 | 01303nam a2200337Ia 4500 | ||
|---|---|---|---|
| 003 | OSt | ||
| 005 | 20221007123326.0 | ||
| 006 | a|||||r|||| 00| 0 | ||
| 007 | ta | ||
| 008 | 221006b |||||||| |||| 00| 0 eng d | ||
| 020 |
_a3540639616 (Berlin:hbd) _cDM 149 |
||
| 024 | _a6647 | ||
| 037 |
_bOverseas, _cTextual |
||
| 040 |
_aPAPL _cPAPL _beng |
||
| 041 |
_2eng _aeng |
||
| 082 | _aC211:(9S), N9 | ||
| 100 |
_aOhno K _9717089 |
||
| 245 | 0 |
_aComputational materials science:from ab initio to Monte Carlo methods by K Ohno and others _b Esfarjani K Kawazoe Y |
|
| 260 |
_aBerlin _bSpringer-Verlag _c1999 |
||
| 300 |
_ax,325p _ccm. |
||
| 490 | _aSpringer series in solid-state sciences; 129 | ||
| 500 | _aIncludes bibliographical references; Appendix A-D, 285-313p; Index 315-325p; ^n23/CSL/Carpa/99-2000/603^d1999-12-10^mPurchase; ; 2000-2001/20^b2000-05-10^c11910^d2000-05-05^eRs.2,692.73^fOverseas Press; ; 2000-05-17^bSB^c2000-07-21^dSB^r2000-10-03 | ||
| 650 |
_a Computer simulation _9713688 |
||
| 650 |
_a Materials _9713768 |
||
| 650 | _a Solid state | ||
| 650 | _aPhysics | ||
| 700 |
_a Esfarjani K _9717090 |
||
| 700 |
_a Kawazoe Y _9717091 |
||
| 942 |
_hC211:(9S), N9 _cTEXL _2CC |
||
| 999 |
_c1211696 _d1211696 |
||